1980 ASME boiler and pressure vessel code section III nuclear power plant components,Division 2 code for concrete reacto (Record no. 7063)
[ view plain ]
| 000 -LEADER | |
|---|---|
| fixed length control field | 00725nam a2200181Ia 4500 |
| 003 - CONTROL NUMBER IDENTIFIER | |
| control field | IN-BaIIA |
| 008 - FIXED-LENGTH DATA ELEMENTS--GENERAL INFORMATION | |
| fixed length control field | 211028s9999 xx 000 0 eng d |
| 040 ## - CATALOGING SOURCE | |
| Transcribing agency | IIA Library |
| 080 ## - UNIVERSAL DECIMAL CLASSIFICATION NUMBER | |
| Universal Decimal Classification number | 083.7:62 |
| Item number | AME |
| 110 ## - MAIN ENTRY--CORPORATE NAME | |
| Corporate name or jurisdiction name as entry element | American Society of Mechanical Engineers |
| 9 (RLIN) | 12082 |
| 245 #0 - TITLE STATEMENT | |
| Title | 1980 ASME boiler and pressure vessel code section III nuclear power plant components,Division 2 code for concrete reacto |
| Statement of responsibility, etc. | the American Society of Mechanical Engineers |
| 260 ## - PUBLICATION, DISTRIBUTION, ETC. | |
| Place of publication, distribution, etc. | New York |
| Name of publisher, distributor, etc. | The American Society of Mechanical Engineers |
| Date of publication, distribution, etc. | 1980 |
| 300 ## - PHYSICAL DESCRIPTION | |
| Extent | [various pagings.] |
| 650 ## - SUBJECT ADDED ENTRY--TOPICAL TERM | |
| Topical term or geographic name entry element | Boiler and Pressure Vessel Code |
| 9 (RLIN) | 12083 |
| 650 ## - SUBJECT ADDED ENTRY--TOPICAL TERM | |
| Topical term or geographic name entry element | Concrete Reactor Vessels |
| 9 (RLIN) | 12084 |
| 650 ## - SUBJECT ADDED ENTRY--TOPICAL TERM | |
| Topical term or geographic name entry element | Nuclear Power Plant |
| 9 (RLIN) | 12085 |
| 942 ## - ADDED ENTRY ELEMENTS (KOHA) | |
| Koha item type | Books |
| Withdrawn status | Lost status | Damaged status | Not for loan | Home library | Current library | Shelving location | Date acquired | Total Checkouts | Full call number | Barcode | Date last seen | Price effective from | Koha item type |
|---|---|---|---|---|---|---|---|---|---|---|---|---|---|
| IIA Library-Bangalore | IIA Library-Kavalur | General Stacks | 10/05/1982 | 083.7:62/ AME | 7843 | 05/11/2021 | 10/05/1982 | Books |